La storia e il "mito" di las Casas in "La Audiencia de los Confines" di Asturias"
Gespeichert in:
| 1. Verfasser: | |
|---|---|
| Format: | Unbekannt |
| Veröffentlicht: |
Roma, Italia:
Universita Cattolica del Sacro Cuore,
|
| Tags: |
Tag hinzufügen
Keine Tags, Fügen Sie den ersten Tag hinzu!
|
MARC
| LEADER | 000000000a22000000004500 | ||
|---|---|---|---|
| 001 | 001752 | ||
| 022 | |a 8871199103 | ||
| 041 | 0 | |a Italiano | |
| 092 | 0 | |a Centroamericana | |
| 100 | 1 | |a Camplani, Clara | |
| 245 | 1 | 3 | |a La storia e il "mito" di las Casas in "La Audiencia de los Confines" di Asturias" |
| 260 | |a Roma, Italia: |b Universita Cattolica del Sacro Cuore, | ||
| 310 | |a anual | ||
| 773 | 0 | |t Centroamericana | |
| 773 | 0 | |g número 6/7 (1996) | |
| 773 | 0 | |g 1990- | |
| 773 | 0 | |g 69-97 páginas | |
| 999 | |c 2041 |d 2041 | ||
